00403nam a2200109 4500008001000000082001500010100002200025245004000047260008500087300003600172650008500208750 R696o a750bR696o aRodriguez, Victor aVictor Rodríguez: bObra reciente aCosta Rica bKlaus Steinmetz Arte Contemporáneo bRamis Barquet Gallerryc2002 a30 p.bil (col) c28 x 21,5 cm  xarte contemporáneo xarte - exhibiciones xarte - pintura xarte - Costa Rica